Historicky prvý zápis

Bibliographic Details
Format: Article
Language:Slovak
PhysicalDescription:Fotogr.
Subjects:

MARC

LEADER 00000nab a2200000 a 4500
001 vtls008158098
003 SK-MaSNL
005 20260304172942.0
008 050603 2004 xo w n 000 0 slo
015 |a SLLK2004  |2 sllk 
040 |a SLLK  |b slo  |c SLLK  |e AACR2 
041 0 |a slo 
044 |a xo  |c SK 
080 |a 378  |2 UDC-MRF-SK2 
245 0 0 |a Historicky prvý zápis  |c [autor] (mv) 
300 |b Fotogr. 
610 2 7 |a Katolícka univerzita v Ružomberku.  |b Detašované pracovisko v Starej Ľubovni  |2 sllk  |9 181946 
651 7 |a Stará Ľubovňa (Slovensko)  |2 sllk  |9 19193 
773 0 |t Ľubovnianske noviny  |g Roč. XXX, č. 37 (16. 9.2004), s. [1] 
852 |a SLLK  |b KIS3GCP 
999 |c 3000892  |d 3002822